000 00775nam a2200253 a 4500
001 50799
003 BD-RjUL
005 20211209075551.0
008 710506s1968 onca b 000 0 eng
035 _a(BD-RjUL)50919
040 _aBD-RjUL
_cDLC
_dDLC
_beng
041 _aeng
082 0 0 _223
_a516.7
_bKRI 1968
100 1 _aKreyszig, Erwin.
_9152064
245 1 0 _aIntroduction to differential geometry and Riemannian geometry /
_cErwin Kreyszig.
260 _aToronto :
_bUniversity of Toronto Press,
_cc1968
300 _axii, 370 p. :
_bill. ;
_c24 cm.
350 _a$10.95 Can.
504 _aIncludes Index and Bibliography
650 0 _aGeometry, Differential.
_9152066
942 _2ddc
_cBK
999 _c50799
_d50799